[Event "LSS RF-2009-0-00028"]
[Site "LSS email"]
[Date "2009.03.16"]
[Round "?"]
[White "Markova, Stanislava"]
[Black "Ionica, Peter"]
[Result "0-1"]
[WhiteElo "1165"]
[BlackElo "840"]
[PlyCount "50"]
[EventDate "2009.01.30"]
[EventType "tourn (corr)"]
[EventRounds "6"]
[EventCountry "GER"]
[SourceTitle "Corr 2011"]
[Source "ChessBase"]
[SourceDate "2010.08.31"]
[SourceVersion "1"]
[SourceVersionDate "2010.08.31"]
[SourceQuality "1"]

1. c4 g6 2. Nc3 Bg7 3. g3 Bxc3 4. bxc3 c5 5. Bg2 Nc6 6. d4 d6 7. Rb1 Qa5 8. Qd2 Qa6 9. dxc5 dxc5 10. Bxc6+ Qxc6 11. Qd5 Qxd5 12. cxd5 b6 13. c4 Bf5 14. Rb3 Nf6 15. Nf3 Be4 16. Bb2 0-0 17. Re3 Bxf3 18. Rxf3 Ng4 19. h3 Nh6 20. e4 f6 21. Kd2 Kg7 22. g4 g5 23. Rg3 Rae8 24. h4 Nf7 25. Ke3 h6 0-1

[Event "LSS RF-2009-0-00028"]
[Site "LSS email"]
[Date "2009.03.08"]
[Round "?"]
[White "Ionica, Peter"]
[Black "Ruslin, Alexey"]
[Result "0-1"]
[WhiteElo "840"]
[BlackElo "1026"]
[PlyCount "86"]
[EventDate "2009.01.30"]
[EventType "tourn (corr)"]
[EventRounds "6"]
[EventCountry "GER"]
[SourceTitle "Corr 2011"]
[Source "ChessBase"]
[SourceDate "2010.08.31"]
[SourceVersion "1"]
[SourceVersionDate "2010.08.31"]
[SourceQuality "1"]

1. d4 e6 2. e3 b6 3. g3 Bb7 4. Nf3 Nf6 5. Bg2 Be7 6. 0-0 0-0 7. Nbd2 c5 8. dxc5 Bxc5 9. a3 d5 10. b4 Bd6 11. Bb2 Nbd7 12. c4 Rc8 13. Bd4 dxc4 14. Rc1 Be7 15. Nxc4 Bd5 16. Nce5 Nxe5 17. Bxe5 Ng4 18. Bd4 Bf6 19. Rxc8 Qxc8 20. h3 Bxd4 21. Nxd4 Nf6 22. Bxd5 Nxd5 23. Kg2 Rd8 24. Qc1 Qb7 25. f3 Rc8 26. Qd2 h6 27. e4 Nf6 28. Nb5 Ne8 29. e5 a6 30. Nd6 Nxd6 31. exd6 Rd8 32. g4 Qd7 33. Rd1 Kf8 34. Qd4 Qc6 35. Kg3 f6 36. f4 Kf7 37. a4 Ke8 38. h4 Kd7 39. g5 hxg5 40. hxg5 Rf8 41. gxf6 Rxf6 42. a5 Rg6+ 43. Kh4 Qg2 0-1

[Event "LSS RF-2009-0-00027"]
[Site "LSS email"]
[Date "2009.03.02"]
[Round "?"]
[White "Schoenbuchner, Gerhard"]
[Black "Ionica, Peter"]
[Result "1/2-1/2"]
[WhiteElo "1048"]
[BlackElo "853"]
[PlyCount "92"]
[EventDate "2009.01.15"]
[EventType "tourn (corr)"]
[EventRounds "6"]
[EventCountry "GER"]
[SourceTitle "Corr 2011"]
[Source "ChessBase"]
[SourceDate "2010.08.31"]
[SourceVersion "1"]
[SourceVersionDate "2010.08.31"]
[SourceQuality "1"]

1. e4 e6 2. d4 b6 3. Nc3 Bb7 4. Nf3 Bb4 5. d5 Bxc3+ 6. bxc3 exd5 7. exd5 Nf6 8. c4 0-0 9. Bd3 Re8+ 10. Be3 d6 11. 0-0 c5 12. Qd2 Bc8 13. Bg5 Nbd7 14. Rfe1 Ne5 15. Nxe5 Rxe5 16. Rxe5 dxe5 17. Re1 Qd6 18. Qe3 e4 19. Bxe4 Nxe4 20. Qxe4 Bd7 21. Qe7 Qxe7 22. Rxe7 Bf5 23. c3 Bd3 24. d6 Bxc4 25. d7 Bb5 26. c4 Ba4 27. Rxf7 Kxf7 28. d8Q Rxd8 29. Bxd8 Bc2 30. Bc7 Bb1 31. Bb8 Bxa2 32. Bxa7 Bxc4 33. Bxb6 g5 34. Bxc5 h5 35. f3 Kf6 36. Kf2 Kf5 37. g3 Bd5 38. Ke3 Bc6 39. Bd6 Bd5 40. f4 g4 41. Kd4 Bg2 42. Be5 Bf3 43. Bb8 Bc6 44. Be5 Bf3 45. Bb8 Bg2 46. Be5 Bf3 1/2-1/2

[Event "LSS OP-2009-0-00716"]
[Site "LSS email"]
[Date "2009.01.12"]
[Round "?"]
[White "Ionica, Peter"]
[Black "Reede, Arvo"]
[Result "1-0"]
[WhiteElo "855"]
[BlackElo "801"]
[PlyCount "75"]
[EventDate "2009.01.10"]
[EventType "tourn (corr)"]
[EventRounds "4"]
[EventCountry "GER"]
[SourceTitle "Corr 2011"]
[Source "ChessBase"]
[SourceDate "2010.08.31"]
[SourceVersion "1"]
[SourceVersionDate "2010.08.31"]
[SourceQuality "1"]

1. e3 d5 2. d4 Nf6 3. g3 Bf5 4. Bg2 e6 5. Ne2 c5 6. c3 Nbd7 7. 0-0 Bxb1 8. Rxb1 Be7 9. a3 b5 10. b4 c4 11. a4 a6 12. a5 0-0 13. f3 e5 14. e4 dxe4 15. fxe4 exd4 16. Nxd4 Ne5 17. Nf5 Ra7 18. Be3 Rd7 19. Bd4 Nd3 20. Qe2 Re8 21. Rbd1 Bf8 22. Bxf6 Qxf6 23. Nd4 Qg6 24. Nf5 Red8 25. Nd4 Bxb4 26. Bh3 Rxd4 27. cxd4 Rxd4 28. Bf5 Qg5 29. e5 g6 30. Bxd3 Bxa5 31. Bc2 Rxd1 32. Rxd1 Bb6+ 33. Kg2 h5 34. h4 Qe7 35. Rd5 Qa3 36. e6 Kh7 37. exf7 Qc1 38. Rd1 1-0

[Event "LSS ZN-2008-0-00526"]
[Site "LSS email"]
[Date "2009.01.11"]
[Round "?"]
[White "Fuller, Christopher"]
[Black "Ionica, Peter"]
[Result "1-0"]
[WhiteElo "845"]
[BlackElo "855"]
[PlyCount "109"]
[EventDate "2009.01.10"]
[EventType "match (corr)"]
[EventRounds "2"]
[EventCountry "GER"]
[SourceTitle "Corr 2011"]
[Source "ChessBase"]
[SourceDate "2010.08.31"]
[SourceVersion "1"]
[SourceVersionDate "2010.08.31"]
[SourceQuality "1"]

1. e4 g6 2. b3 Bg7 3. c3 d6 4. Nf3 Bg4 5. Be2 Nf6 6. 0-0 Nxe4 7. a3 0-0 8. Ra2 c5 9. b4 cxb4 10. cxb4 Nc6 11. Nc3 Nxc3 12. dxc3 Bxc3 13. Rc2 Bg7 14. h3 Bxf3 15. Bxf3 Rc8 16. Re1 Ne5 17. Be2 Rxc2 18. Qxc2 Qc8 19. Qxc8 Rxc8 20. a4 a6 21. Rd1 Nc6 22. Bd2 Nd4 23. Bd3 b5 24. axb5 axb5 25. Rc1 Rxc1+ 26. Bxc1 Nb3 27. Bg5 f6 28. Be3 f5 29. Bxb5 Bc3 30. Bc4+ Kg7 31. Bxb3 Bxb4 32. Bg5 e5 33. Bd5 h6 34. Be7 e4 35. g3 Bc5 36. Kf1 g5 37. g4 Kg6 38. Ke2 f4 39. Bxe4+ Kf7 40. Bd8 Ke6 41. Bf5+ Kd5 42. Be7 Kc4 43. Bf8 d5 44. Bxh6 Be7 45. h4 gxh4 46. Bxf4 d4 47. g5 Kd5 48. g6 Bf6 49. Kd3 Kc5 50. Be6 Kc6 51. Bh6 Kd6 52. Bh3 Ke5 53. f3 Kd5 54. g7 Bxg7 55. Bxg7 1-0

[Event "LSS ZN-2008-0-00526"]
[Site "LSS email"]
[Date "2009.01.11"]
[Round "?"]
[White "Ionica, Peter"]
[Black "Fuller, Christopher"]
[Result "0-1"]
[WhiteElo "855"]
[BlackElo "845"]
[PlyCount "134"]
[EventDate "2009.01.10"]
[EventType "match (corr)"]
[EventRounds "2"]
[EventCountry "GER"]
[SourceTitle "Corr 2011"]
[Source "ChessBase"]
[SourceDate "2010.08.31"]
[SourceVersion "1"]
[SourceVersionDate "2010.08.31"]
[SourceQuality "1"]

1. d4 d5 2. e3 Nc6 3. Bb5 Bd7 4. Ne2 Nf6 5. 0-0 a6 6. Bxc6 Bxc6 7. Nd2 e6 8. a4 b6 9. c3 b5 10. axb5 axb5 11. Rxa8 Bxa8 12. h3 Bd6 13. b4 0-0 14. f3 Bc6 15. Qc2 e5 16. e4 dxe4 17. Nxe4 Nxe4 18. fxe4 Qe8 19. d5 Bb7 20. Bd2 Be7 21. c4 c6 22. g4 Ba6 23. c5 Bf6 24. d6 Qd8 25. Ng3 Qd7 26. Nf5 Bb7 27. g5 Bd8 28. h4 Qe6 29. Qd3 Bc8 30. Qf3 Qc4 31. Rc1 Qa2 32. Qc3 f6 33. Rc2 Qb1+ 34. Kg2 Qd1 35. Ne7+ Bxe7 36. dxe7 Qg4+ 37. Kh2 Qxh4+ 38. Kg2 Qxe4+ 39. Kf2 Qf5+ 40. Ke2 Re8 41. gxf6 Qxf6 42. Qb3+ Be6 43. Qf3 Qxf3+ 44. Kxf3 Rxe7 45. Bg5 Bd5+ 46. Ke3 Rf7 47. Rf2 Rxf2 48. Kxf2 h6 49. Be3 g5 50. Kg3 Kf7 51. Kg4 Kg6 52. Bf2 h5+ 53. Kg3 h4+ 54. Kg4 Be6+ 55. Kf3 Bd5+ 56. Kg4 Be6+ 57. Kf3 g4+ 58. Kg2 Bd5+ 59. Kh2 g3+ 60. Bxg3 hxg3+ 61. Kxg3 Kf5 62. Kf2 Kf4 63. Ke2 e4 64. Kd2 e3+ 65. Ke2 Bc4+ 66. Kd1 Kf3 67. Ke1 e2 0-1

[Event "LSS OP-2009-0-00715"]
[Site "LSS email"]
[Date "2009.01.11"]
[Round "?"]
[White "Ionica, Peter"]
[Black "Senis, Enrico"]
[Result "0-1"]
[WhiteElo "855"]
[BlackElo "1481"]
[PlyCount "56"]
[EventDate "2009.01.09"]
[EventType "tourn (corr)"]
[EventRounds "4"]
[EventCountry "GER"]
[SourceTitle "Corr 2011"]
[Source "ChessBase"]
[SourceDate "2010.08.31"]
[SourceVersion "1"]
[SourceVersionDate "2010.08.31"]
[SourceQuality "1"]

1. g3 d5 2. Bg2 Nf6 3. b3 e5 4. Bb2 Bc5 5. Bxe5 Nc6 6. Bxf6 Qxf6 7. e3 Qxa1 8. Nc3 Qxd1+ 9. Nxd1 Be6 10. Ne2 0-0-0 11. 0-0 Rhe8 12. c3 g5 13. d4 Bb6 14. Nb2 Bg4 15. Nc1 h5 16. h3 Bf5 17. Na4 Re6 18. c4 Ne7 19. Nxb6+ axb6 20. Re1 dxc4 21. bxc4 Rxd4 22. Bd5 Nxd5 23. cxd5 Rxd5 24. Kg2 Rd2 25. a4 Rf6 26. g4 Be4+ 27. Kg1 Rfxf2 28. Ne2 Rfxe2 0-1

[Event "LSS OP-2009-0-00715"]
[Site "LSS email"]
[Date "2009.01.11"]
[Round "?"]
[White "Santo, Moises"]
[Black "Ionica, Peter"]
[Result "1-0"]
[WhiteElo "1109"]
[BlackElo "800"]
[PlyCount "51"]
[EventDate "2009.01.09"]
[EventType "tourn (corr)"]
[EventRounds "4"]
[EventCountry "GER"]
[SourceTitle "Corr 2011"]
[Source "ChessBase"]
[SourceDate "2010.08.31"]
[SourceVersion "1"]
[SourceVersionDate "2010.08.31"]
[SourceQuality "1"]

1. d4 g6 2. c4 Bg7 3. Nc3 d6 4. e4 b6 5. Be3 Bb7 6. Bd3 f5 7. Nf3 fxe4 8. Bxe4 Bxe4 9. Nxe4 Nf6 10. Neg5 Qd7 11. d5 0-0 12. 0-0 c5 13. Ne6 Rf7 14. Nfg5 Nxd5 15. Qxd5 Nc6 16. Nxf7 Kxf7 17. Nxc5+ e6 18. Qf3+ Ke7 19. Nxd7 Kxd7 20. Qf7+ Ne7 21. Bg5 Bf8 22. Bxe7 Bxe7 23. Rfe1 e5 24. Rad1 Rf8 25. Rxd6+ Kxd6 26. Rd1+ 1-0

[Event "LSS OP-2008-0-00533"]
[Site "LSS email"]
[Date "2008.05.06"]
[Round "?"]
[White "Puri, Chaand"]
[Black "Ionica, Peter"]
[Result "1-0"]
[WhiteElo "983"]
[BlackElo "800"]
[PlyCount "57"]
[EventDate "2008.05.01"]
[EventType "tourn (corr)"]
[EventRounds "4"]
[EventCountry "GER"]
[SourceTitle "Corr 2011"]
[Source "ChessBase"]
[SourceDate "2010.08.31"]
[SourceVersion "1"]
[SourceVersionDate "2010.08.31"]
[SourceQuality "1"]

1. e4 e6 2. Nf3 b6 3. Bc4 Bb7 4. d3 g6 5. Nc3 Bb4 6. a3 Bxc3+ 7. bxc3 d6 8. 0-0 d5 9. Bb5+ c6 10. Ba4 b5 11. Bb3 a5 12. a4 Ne7 13. c4 bxc4 14. dxc4 0-0 15. Bb2 dxe4 16. Ng5 Nf5 17. Nxe4 Qxd1 18. Raxd1 Ng7 19. Nf6+ Kh8 20. Rd3 Na6 21. Rh3 h5 22. g4 Nc5 23. Bd4 Nxb3 24. cxb3 Rfd8 25. Be5 c5 26. gxh5 gxh5 27. Nxh5 Kg8 28. Nf6+ Kf8 29. Rh8+ 1-0

[Event "LSS RN-2008-0-00130"]
[Site "LSS email"]
[Date "2008.05.04"]
[Round "?"]
[White "Ionica, Peter"]
[Black "Losev, Vyacheslav"]
[Result "0-1"]
[WhiteElo "800"]
[BlackElo "651"]
[PlyCount "106"]
[EventDate "2008.04.25"]
[EventType "tourn (corr)"]
[EventRounds "6"]
[EventCountry "GER"]
[SourceTitle "Corr 2011"]
[Source "ChessBase"]
[SourceDate "2010.08.31"]
[SourceVersion "1"]
[SourceVersionDate "2010.08.31"]
[SourceQuality "1"]

1. d3 e5 2. e4 Nc6 3. f4 exf4 4. Bxf4 Nf6 5. Bg5 h6 6. Bxf6 Qxf6 7. Nc3 Bb4 8. Nge2 Nd4 9. a3 Nxe2 10. Bxe2 Bxc3+ 11. bxc3 Qxc3+ 12. Kf2 0-0 13. Bf3 d6 14. h3 f5 15. Rf1 fxe4 16. dxe4 a5 17. Qd3 Qc5+ 18. Ke2 b6 19. c4 c6 20. Rad1 Ba6 21. Rc1 Qe5 22. Rfd1 d5 23. Rd2 dxc4 24. Rxc4 Rad8 25. Qb3 Bxc4+ 26. Qxc4+ Kh8 27. Qxc6 Rxd2+ 28. Kxd2 Rd8+ 29. Ke3 Qd4+ 30. Kf4 Qd6+ 31. Qxd6 Rxd6 32. e5 Re6 33. a4 g6 34. Bd5 Re7 35. e6 Kg7 36. g4 Kf6 37. h4 Rxe6 38. g5+ hxg5+ 39. hxg5+ Ke7 40. Bxe6 Kxe6 41. Ke4 Kd6 42. Kd4 Kc7 43. Kd5 Kd7 44. Ke5 b5 45. axb5 a4 46. b6 a3 47. Kf6 a2 48. b7 a1Q+ 49. Kxg6 Qb1+ 50. Kh6 Qxb7 51. g6 Qh1+ 52. Kg5 Ke7 53. Kf5 Qh5+ 0-1

[Event "LSS RN-2008-0-00130"]
[Site "LSS email"]
[Date "2008.05.04"]
[Round "?"]
[White "Petidis, Kostas"]
[Black "Ionica, Peter"]
[Result "0-1"]
[WhiteElo "792"]
[BlackElo "800"]
[PlyCount "110"]
[EventDate "2008.04.25"]
[EventType "tourn (corr)"]
[EventRounds "6"]
[EventCountry "GER"]
[SourceTitle "Corr 2011"]
[Source "ChessBase"]
[SourceDate "2010.08.31"]
[SourceVersion "1"]
[SourceVersionDate "2010.08.31"]
[SourceQuality "1"]

1. d4 g6 2. c4 Bg7 3. Nc3 e6 4. e4 Ne7 5. f4 0-0 6. Nf3 b6 7. Be2 Bb7 8. 0-0 d6 9. Be3 Nd7 10. Qd2 f5 11. e5 Bxf3 12. Bxf3 Rb8 13. b3 dxe5 14. dxe5 Nc5 15. Rfd1 Qxd2 16. Rxd2 Rbd8 17. Rad1 Rxd2 18. Rxd2 c6 19. g3 Kf7 20. h4 h5 21. b4 Ne4 22. Bxe4 fxe4 23. Nxe4 Nf5 24. Rd7+ Kg8 25. Bf2 Rf7 26. Rxf7 Kxf7 27. Kg2 Bf8 28. a3 Be7 29. Kf3 Ke8 30. c5 b5 31. Nc3 Kd7 32. a4 a6 33. axb5 axb5 34. g4 Nxh4+ 35. Bxh4 Bxh4 36. gxh5 gxh5 37. Ne4 Ke7 38. Ng3 Bxg3 39. Kxg3 Kf7 40. f5 exf5 41. Kh4 Ke6 42. Kxh5 Kxe5 43. Kh4 f4 44. Kh3 f3 45. Kg3 Ke4 46. Kf2 Kf4 47. Kf1 Ke3 48. Ke1 Kd3 49. Kf2 Kc3 50. Kxf3 Kxb4 51. Ke4 Kxc5 52. Kd3 b4 53. Kc2 Kc4 54. Kb2 c5 55. Kc2 b3+ 0-1